| 000 | 01062nam2a2200265 4500 | ||
|---|---|---|---|
| 001 | rc\2644840 | ||
| 005 | 20260315042803.0 | ||
| 035 | _a(NLR Aleph) 006952594 | ||
| 090 |
_a13562214 _c13562214 |
||
| 100 | _a20110608d1932 u y0rusy50 ca | ||
| 101 | 0 | _arus | |
| 102 | _aRU | ||
| 105 | _aa z ||||| | ||
| 200 | 0 |
_aТ. 1 _fПо методике Рудика, Рабиновича, Юровской |
|
| 210 | _d1932 | ||
| 215 |
_a22 с. _cил. |
||
| 461 | 0 |
_1001rc\2644839 _12001#$a[Тесты]$fКабинет педологии Дальневост. пед. ин-та$vТ. 1 _95262542 _aДальневосточный педагогический институт (Владивосток) _c[Владивосток] _d1932 _fКабинет педологии Дальневост. пед. ин-та _nБ. и. _t[Тесты] _vТ. 1 |
|
| 702 | 1 |
_aРудик _4000 |
|
| 702 | 1 |
_aРабинович _4000 |
|
| 702 | 1 |
_aЮровская _4000 |
|
| 801 | 0 |
_aRU _bNLR _gpsbo |
|
| 801 | 1 |
_aRU _bELAR _2rusmarc |
|
| 852 |
_aNLR _j32-19/578 |
||
| 942 | _cUNSPEC | ||
| 980 | _aNB | ||